| 000 | 01277cam a2200313 a 4500 | ||
|---|---|---|---|
| 001 | 15522560 | ||
| 005 | 20170105102348.0 | ||
| 008 | 081114s2009 flua b 001 0 eng | ||
| 010 | _a 2008048129 | ||
| 020 | _a9781420059182 | ||
| 020 | _a1420059181 | ||
| 035 | _a(OCoLC)ocn148877438 | ||
| 040 |
_aDLC _cDLC _dBTCTA _dBAKER _dYDXCP _dC#P _dCDX _dDLC |
||
| 050 | 0 | 0 |
_aTA174 _b.C58135 2009 |
| 082 | 0 | 0 |
_a621.3 _222 |
| 245 | 0 | 4 |
_aThe circuits and filters handbook : Computer aided design and design automation _pComputer aided design and design automation _cWai-Kai Chen |
| 246 | 3 | 0 | _aComputer aided design and design automation |
| 250 | _a3rd ed. | ||
| 260 |
_aBoca Raton : _bCRC Press, _cc2009. |
||
| 300 |
_a1 v. (various pagings) : _bill. ; _c27 cm. |
||
| 504 | _aIncludes bibliographical references and index. | ||
| 650 | 0 | _aEngineering design. | |
| 650 | 0 |
_aElectrical engineering _xComputer-aided design. |
|
| 700 | 1 |
_aChen, Wai-Kai, _d1936- |
|
| 856 | 4 | 2 |
_3Publisher description _uhttp://www.loc.gov/catdir/enhancements/fy0903/2008048129-d.html |
| 906 |
_a7 _bcbc _corignew _d1 _eecip _f20 _gy-gencatlg |
||
| 942 |
_2ddc _cBK |
||
| 999 |
_c11777 _d11777 |
||